Bibliography / Salles, Vania

Guardat en:
Dades bibliogràfiques
Format: Text
Matèries:
Etiquetes: Afegir etiqueta
Sense etiquetes, Sigues el primer a etiquetar aquest registre!

MARC

LEADER 00000 a a2200000 04500
001 4655
003
040
245 |a Bibliography / Salles, Vania  
650 |a BIBLIOGRAFIAS  
773 |g volumen 45, número 1; páginas 153-195  
999 |c 37316  |d 37316